000 nam a22 a 4500
999 _c125785
_d125785
003 BLK
005 20201013133339.0
008 180409b bul|||||r ||||||| ||bul||
010 _aKNG00131463000
040 _aBLK
041 _aBUL
_cBUL
072 7 _2bullib
_aЦ
_xРедки и ценни
080 _aВоенно дело. Военни науки. Народна отбрана. Въоръжени сили
_b355/359
_x(497.2)
_z355/359(497.2)
100 1 _aБелинов, Иван Иванов
_eпърви автор
_9319619
139 _aБелинов, Иван Иванов
_bБ 34
245 1 0 _aОфицерско-емигрантския въпрос и вестник "Свобода"
_bПредизвикан отговор
_cИван Иванов Белинов.
257 _aBGR
260 _c1896
_fРусе : печ. и литогр. Перец Йос. Алкалай
_aРусе
300 _a38 с.
_c19 см
380 _a3
490 _9435080
_aКолекция Редки и ценни издания
650 4 _aОфицери, български
_9244898
650 4 _aАрмия, българска
_9319620
651 4 _aБългария
_9241624
653 _aофицери
653 _aармия
659 _aЦ
852 _aРб 896
_bРц
856 4 _qpdf
856 4 _qpdf
942 _cKNG
_n0
_s1
944 _aCR
_c21.06.2012
_lф / 21.06.2012
_kНаталия_Медовщикова
944 _aED
_c21.06.2012
_lф / 21.06.2012
999 _d125785